[Event "Maastricht Limburg op-B 9th"]
[Site "Maastricht"]
[Date "2015.05.22"]
[Round "1"]
[White "Mercan, Oscar"]
[Black "Erikstad, Olav Age"]
[Result "0-1"]
[WhiteElo "1794"]
[BlackElo "1853"]
[PlyCount "84"]
[EventDate "2015.05.22"]
[EventType "swiss"]
[EventRounds "7"]
[EventCountry "NED"]
[SourceTitle "EXT 2016"]
[Source "ChessBase"]
[SourceDate "2015.10.08"]
[SourceVersion "1"]
[SourceVersionDate "2015.10.08"]
[SourceQuality "1"]

1. d4 c6 2. e4 d5 3. e5 Bf5 4. Bd3 Bxd3 5. Qxd3 Qa5+ 6. Bd2 Qa6 7. Qf3 e6 8. Nh3 h6 9. a3 c5 10. dxc5 Bxc5 11. b4 Bd4 12. Bc3 Nc6 13. Qg3 Bxc3+ 14. Nxc3 Qc4 15. f4 Nd4 16. Rc1 Rc8 17. Kd2 Nf5 18. Qd3 Nge7 19. g4 Nh4 20. Nb5 0-0 21. Nd6 Qxd3+ 22. cxd3 Rxc1 23. Rxc1 Nf3+ 24. Ke3 Nxh2 25. Nf2 f5 26. Rc7 d4+ 27. Kxd4 Nc6+ 28. Ke3 fxg4 29. Nxb7 Nf1+ 30. Ke2 Ng3+ 31. Ke1 Nd4 32. Nxg4 Rxf4 33. Ne3 Rf3 34. Kd2 Rf2+ 35. Kc3 Nb5+ 36. Kc4 Nxc7 37. Kc5 Nf5 38. Nc4 h5 39. b5 h4 40. Nbd6 h3 41. Nc8 h2 42. Nxa7 Nxb5 0-1

[Event "Leiden op-A 8th"]
[Site "Leiden"]
[Date "2014.07.14"]
[Round "4"]
[White "Mercan, Oscar"]
[Black "Baak, Karl"]
[Result "0-1"]
[WhiteElo "1728"]
[BlackElo "1895"]
[PlyCount "50"]
[EventDate "2014.07.11"]
[EventType "swiss"]
[EventRounds "9"]
[EventCountry "NED"]
[SourceTitle "CBM 161 Extra"]
[Source "ChessBase"]
[SourceDate "2014.08.29"]
[SourceVersion "1"]
[SourceVersionDate "2014.08.29"]
[SourceQuality "1"]

1. d4 e6 2. c4 f5 3. Nc3 Nf6 4. Nf3 Be7 5. e3 0-0 6. Bd3 Qe8 7. Ne2 d6 8. Qc2 Nc6 9. a3 a5 10. 0-0 Kh8 11. Bd2 Bd7 12. Nf4 e5 13. dxe5 dxe5 14. Nd5 e4 15. Nxc7 Qh5 16. Be2 Bd6 17. Nb5 exf3 18. Nxd6 fxe2 19. Rfe1 Ne5 20. h3 Ra6 21. c5 Rxd6 22. cxd6 Bc6 23. f4 Nf3+ 24. Kh1 Nxe1 25. Rxe1 Qxh3+ 0-1